Normal view
MARC view
- Lau, S. S
Entry Personal Name
001 - CONTROL NUMBER
- control field: 103558
003 - CONTROL NUMBER IDENTIFIER
- control field: NUST
005 - DATE AND TIME OF LATEST TRANSACTION
- control field: 20221125093007.0
008 - FIXED-LENGTH DATA ELEMENTS
- fixed length control field: 221125|| aca||aabn | a|a d
040 ## - CATALOGING SOURCE
- Original cataloging agency: NUST
- Transcribing agency: NUST
100 ## - HEADING--PERSONAL NAME
- Personal name: Lau, S. S
670 ## - SOURCE DATA FOUND
- Source citation: Work cat.: (NUST)181925: Mayer, James W., 103554, Electronic materials science :, c1990.
